000 00706nam a2200193Ii 4500
003 JO-AjNU
008 230605s9999||||xx |||||||||||||| ||und||
040 _aJO-AjNU
_bara
_erda
_cJO-AjNU
041 _aara
050 1 4 _aBF723.E9.S47 1998
100 3 _a سيسالم، كمال سالم,
_eauthor
_922346
245 0 0 _aالمعاقون جسميا وصحيا في المدارس العامة
264 3 1 _aالعين: دار الكتاب الجامعي، 1998
300 _a126ص
_bيحتوي على ببلوغرافية من 123-126ص
336 _atext
_btxt
_2rdacontent
337 _aunmediated
_bn
_2rdamedia
338 _avolume
_bnc
_2rdacarrier
650 4 _aالمعوقون - تعليم 
_922347
999 _aA7915
_c11483
_d11483